| 000 | 00820nam a2200253 a 4500 | ||
|---|---|---|---|
| 005 | 20201128021233.0 | ||
| 008 | 150422c2013 ii ad frb 001 0 eng d | ||
| 020 | _a9788131518267 | ||
| 020 | _a8131518264 | ||
| 040 | _aEG-ScBUE | ||
| 082 | 0 | 4 |
_a658 _bLUS _222 |
| 100 | 1 |
_aLussier, Robert N. _935768 |
|
| 245 | 1 | 0 |
_aManagement fundamentals : _bconcepts, applications, skill development / _cRobert N. Lussier. |
| 250 | _a5th ed. | ||
| 260 |
_aDelhi : _bSouth-Western / Cengage Learning, _c2013. |
||
| 300 |
_axxv, 579 : _btables, chart ; _c28 cm. |
||
| 500 | _aIndex : p. 568-579. | ||
| 504 | _aBibliography : p. 539-567. | ||
| 650 | 7 |
_aManagement. _2BUEsh _9553 |
|
| 650 | 7 |
_aSupervision of employees. _2BUEsh _93347 |
|
| 653 |
_bBUSADM _bENGARC _cApril2015 |
||
| 655 |
_vreading book _934232 |
||
| 942 |
_2ddc _k658 LUS |
||
| 999 |
_c19213 _d19185 |
||